|
|
|
|
| LEADER |
00000cam a2200000 7i4500 |
| 001 |
0000047610 |
| 005 |
20220105103836.0 |
| 008 |
150520 |
| 020 |
|
|
|a 9679274276
|
| 090 |
0 |
0 |
|a JF
|b MAL
|
| 100 |
1 |
|
|a Muhammad MK
|
| 245 |
1 |
0 |
|a Chiko pergi ke sekolah
|c Muhammad MK
|
| 260 |
|
|
|a Selangor :
|b Penerbitan Ria ,
|c 1993
|
| 300 |
|
|
|a [s.n.] :
|b ill.col.
|
| 490 |
1 |
|
|a Siri cerita kanak-kanak
|
| 500 |
|
|
|a Children age 4-6 years old (yellow)
|
| 650 |
|
0 |
|a Children's stories,Malay
|
| 999 |
|
|
|a 0000404246
|b Book
|c Children Collection
|e Cawangan Pontian
|
| 999 |
|
|
|a 0000778309
|b Book
|c Children Collection
|e Cawangan Pontian
|
| 999 |
|
|
|a 0000792322
|b Book
|c Children Collection
|e Cawangan Segamat
|
| 999 |
|
|
|a 0000792323
|b Book
|c Children Collection
|e Cawangan Segamat
|
| 999 |
|
|
|a 0000867228
|b Book
|c Children Collection
|e Cawangan Segamat
|